Billboard Hot 100 (03/18/2023) with Bubbling Under - Statistics

General Stats
  • This quiz has been taken 6 times
  • The average score is 59 of 125
Answer Stats
Artist(s) Title % Correct
PinkPantheress / Ice Spice Boy's a liar Pt. 2
100%
The Weeknd / Ariana Grande Die For You
100%
Miley Cyrus Flowers
100%
SZA Kill Bill
100%
Morgan Wallen Last Night
100%
Morgan Wallen Thinkin' Bout Me
100%
Morgan Wallen You Proof
100%
Tiesto / Tate McRae 10:35
50%
Morgan Wallen 180
50%
Morgan Wallen '98 Braves
50%
Morgan Wallen Ain't That Some
50%
Gabito Ballesteros / Peso Pluma / Natanael Cano AMG
50%
Taylor Swift Anti-Hero
50%
Harry Styles As It Was
50%
Fuerza / Regida / Grupo Frontera Bebe Dame
50%
Lady Gaga Bloody Mary
50%
Morgan Wallen Born With A Beer In My Hand
50%
Rema / Selena Gomez Calm Down
50%
Lizzy McAlpine ceilings
50%
Morgan Wallen / ERNEST Cowgirls
50%
Metro Boomin / The Weeknd / 21 Savage Creepin'
50%
Beyonce CUFF IT
50%
Zach Bryan / Maggie Rogers Dawns
50%
Morgan Wallen Days That End In Why
50%
Morgan Wallen Devil Don't Know
50%
Lola Brooke / Billy B Don't Play With It
50%
Morgan Wallen Don't Think Jesus
50%
Morgan Wallen Dying Man
50%
Chino Pacas El Gorgo Trae El Mando
50%
RAYE / 070 Shake Escapism.
50%
Morgan Wallen Everything I Love
50%
Morgan Wallen F150-50
50%
Toosii Favorite Song
50%
Lil Baby / Fridayy Forever
50%
Lil Baby Freestyle
50%
Luke Combs Going, Going, Gone
50%
JVKE golden hour
50%
Morgan Wallen Good Girl Gone Missin'
50%
Morgan Wallen Had It
50%
Parker McCollum Handle On You
50%
Lainey Wilson Heart Like A Truck
50%
Morgan Wallen Hope That's True
50%
Morgan Wallen I Deserve A Drink
50%
Destroy Lonely if looks could kill
50%
David Guetta / Bebe Rexha I'm Good
50%
Ice Spice In Ha Mood
50%
Morgan Wallen / HARDY In The Bible
50%
Morgan Wallen I Wrote The Book
50%
Lil Uzi Vert Just Wanna Rock
50%
Summer Walker Karma
50%
Morgan Wallen Keith Whitley
50%
Morgan Wallen Last Drive Down Main
50%
Taylor Swift Lavender Haze
50%
Rihanna Lift Me Up
50%
The Kid LAROI Love Again
50%
Luke Combs Love You Anyway
50%
SZA Low
50%
Meghan Trainor Made You Look
50%
Morgan Wallen / Eric Church Man Made A Bar
50%
Anuel AA / Mambo Kingz / DJ Luian Mas Rica Que Ayer
50%
Morgan Wallen Me + All Your Reasons
50%
Old Dominion Memory Lane
50%
Morgan Wallen Me To Me
50%
Morgan Wallen Money On Me
50%
Kali Uchis Moonlight
50%
Bizarrap / Shakira Music Sessions, Vol. 53
50%
Morgan Wallen Neon Star
50%
YoungBoy Never Broke Again Next
50%
Jordan Davis Next Thing You Know
50%
SZA Nobody Gets Me
50%
Sabrina Carpenter Nonsense
50%
Morgan Wallen One Thing At A Time
50%
j-hope / J. Cole on the street
50%
Morgan Wallen Outlook
50%
Superstar Pride PAINTING PICTURES
50%
Libianca People
50%
Coi Leray Players
50%
BUBBLING UNDER: Peso Pluma Por las Noches
50%
Don Toliver / Justin Bieber / Future Private Landing
50%
Carin Leon / Grupo Frontera Que Vuelvas
50%
Nicki Minaj Red Ruby Da Sleeze
50%
Drake / 21 Savage Rich Flex
50%
Bailey Zimmerman Rock and A Hard Place
50%
SZA Shirt
50%
Morgan Wallen Single Than She Was
50%
SZA Snooze
50%
Zach Bryan Something in the Orange
50%
Lizzo / SZA Special
50%
Drake / 21 Savage Spin Bout U
50%
Morgan Wallen Sunrise
50%
Metro Boomin / Future / Chris Brown Superhero
50%
Miguel Sure Thing
50%
Morgan Wallen Tennessee Fan
50%
Morgan Wallen Tennessee Numbers
50%
Megan Moroney Tennessee Orange
50%
Kane Brown / Katelyn Brown Thank God
50%
Morgan Wallen Thought You Should Know
50%
KAROL G / Shakira TQG
50%
Metro Boomin / Travis Scott / Young Thug Trance
50%
Chris Brown Under The Influence
50%
Sam Smith / Kim Petras Unholy
50%
Stephen Sanchez Until I Found You
50%
HARDY / Lainey Wilson wait in the truck
50%
Lil Uzi Vert / sped up nightcore / ARIZONATEARS Watch This
50%
Carly Pearce What He Didn't Do
50%
Morgan Wallen Whiskey Friends
50%
Corey Kent Wild as Her
50%
Morgan Wallen Wine Into Water
50%
KAROL G / Romeo Santos X SI VOLVEMOS
50%
Brett Young You Didn't
50%
Peezy 2 Million Up
0%
Arctic Monkeys 505
0%
Tom Odell Another Love
0%
Keith Urban Brown Eyes Baby
0%
Don Toliver / Travis Scott Embarrassed
0%
Hailey Whitters Everything She Ain't
0%
Dean Lewis How Do I Say Goodbye
0%
Scotty McCreery It Matters To Her
0%
Rainbow Kitten Surprise It's Called: Freefall
0%
Yeat Out the way
0%
A Boogie Wit da Hoodie Secrets
0%
Logic / Seth MacFarlane / Redman / Statik Selektah Self Medication
0%
Beach Weather Sex, Drugs, Etc.
0%
Gorillaz / Bad Bunny Tormenta
0%
Sam Hunt Water Under The Bridge
0%
No matching quizzes found
Score Distribution
Percent of People with Each Score
Percentile by Number Answered
Your Score History
You have not taken this quiz